[Event "Marianske Lazne op 50+"]
[Site "Marianske Lazne"]
[Date "2019.01.23"]
[Round "6"]
[White "Kapolka, Stefan"]
[Black "Sulot, Zdzislaw"]
[Result "0-1"]
[WhiteElo "1456"]
[BlackElo "1404"]
[PlyCount "62"]
[EventDate "2019.01.19"]
[EventType "swiss"]
[EventRounds "9"]
[EventCountry "CZE"]
[SourceTitle "CBM 188 Extra"]
[Source "ChessBase"]
[SourceDate "2019.02.26"]
[SourceVersion "1"]
[SourceVersionDate "2019.02.26"]
[SourceQuality "1"]

1. d4 d5 2. c4 Bf5 3. Nc3 e6 4. Nf3 h6 5. cxd5 exd5 6. e3 Nf6 7. Bd3 Bg4 8. Bd2 Be7 9. Qc2 Bxf3 10. gxf3 a6 11. 0-0-0 Nc6 12. Bf5 Nb4 13. Qb3 g6 14. Bb1 b5 15. a3 Nc6 16. Na2 Qd7 17. Bd3 0-0 18. Kb1 a5 19. Qxb5 Qd6 20. Qa4 Rfb8 21. Ka1 Nd7 22. Rc1 Nd8 23. Bxa5 c5 24. b4 c4 25. Be2 Nc6 26. Rc3 Bd8 27. Qd1 Bxa5 28. bxa5 Nxa5 29. Qc2 Nb3+ 30. Rxb3 cxb3 31. Qb2 bxa2 0-1

[Event "Hradec Kralove op 8th"]
[Site "Hradec Kralove"]
[Date "2017.10.04"]
[Round "4"]
[White "Izadian, Bizhan"]
[Black "Sulot, Zdzislaw"]
[Result "1-0"]
[WhiteElo "1503"]
[BlackElo "1424"]
[PlyCount "117"]
[EventDate "2017.10.01"]
[EventType "swiss"]
[EventRounds "9"]
[EventCountry "CZE"]
[SourceTitle "CBM 181 Extra"]
[Source "ChessBase"]
[SourceDate "2017.12.12"]
[SourceVersion "1"]
[SourceVersionDate "2017.12.12"]
[SourceQuality "1"]

1. d4 d5 2. c4 e6 3. cxd5 exd5 4. a3 h6 5. Nc3 Nf6 6. Nf3 Bd6 7. e3 Bg4 8. Be2 Bh5 9. Qb3 b6 10. Nxd5 c6 11. Nxf6+ Qxf6 12. 0-0 0-0 13. Rd1 Re8 14. Bd2 Qe6 15. Qc3 c5 16. Re1 Bg6 17. Bc4 Qd7 18. a4 Be4 19. Be2 Qc7 20. h3 a5 21. Rad1 Nd7 22. Bc1 Nf6 23. Nd2 Nd5 24. Qb3 Bf5 25. Qxd5 Bc2 26. Nc4 Rad8 27. Nxd6 Rxd6 28. Qc4 Bxd1 29. Rxd1 Qd7 30. Bg4 Qd8 31. d5 Qf6 32. e4 g5 33. Rd3 Qe5 34. Bf5 Qe7 35. Rg3 f6 36. h4 Qd8 37. hxg5 hxg5 38. f4 Re7 39. fxg5 Rg7 40. g6 Kf8 41. Bh6 Qe7 42. Bxg7+ Kxg7 43. Rh3 Qe5 44. Rh7+ Kf8 45. Qc3 Qf4 46. Rf7+ Ke8 47. Rxf6 Rxf6 48. Qxf6 Qe3+ 49. Kh1 Qc1+ 50. Kh2 Qf4+ 51. g3 Qf2+ 52. Kh3 Qf1+ 53. Kh4 Qh1+ 54. Bh3 Qxe4+ 55. Bg4 Qh1+ 56. Kg5 Qxd5+ 57. Kh6 Qh1+ 58. Kg7 Qb7+ 59. Qf7+ 1-0